[Event "Stuttgart-chC int"]
[Site "Ditzingen"]
[Date "2014.05.31"]
[Round "6"]
[White "Malheur, Lothar"]
[Black "Juettner, Dennis"]
[Result "0-1"]
[WhiteElo "1341"]
[BlackElo "1098"]
[PlyCount "78"]
[EventDate "2014.05.29"]
[EventType "swiss"]
[EventRounds "7"]
[EventCountry "GER"]
[SourceTitle "EXT 2015"]
[Source "ChessBase"]
[SourceDate "2014.11.20"]
[SourceVersion "1"]
[SourceVersionDate "2014.11.20"]
[SourceQuality "1"]

1. d4 e6 2. e4 d5 3. e5 c5 4. Nf3 Qb6 5. c3 Nc6 6. Be3 cxd4 7. Nxd4 Nxd4 8. Bxd4 Bc5 9. Bxc5 Qxc5 10. b4 Qc7 11. Qd4 Ne7 12. Bd3 Nc6 13. Qe3 Nxe5 14. Bb5+ Bd7 15. Bxd7+ Nxd7 16. 0-0 0-0 17. Re1 e5 18. Qg3 Rfe8 19. Nd2 Re6 20. Rac1 Rg6 21. Qh3 e4 22. c4 Qf4 23. Qxd7 Qxd2 24. cxd5 Rf8 25. Qh3 e3 26. Qxe3 Qxd5 27. Qe4 Qxa2 28. Qxb7 Rf6 29. Rf1 h6 30. Ra1 Qc4 31. Qxa7 Qxb4 32. Rab1 Qf4 33. Rbe1 Rg6 34. Re3 h5 35. Qe7 h4 36. Rh3 Rg4 37. Rg3 hxg3 38. fxg3 Qd4+ 39. Kh1 Rg6 0-1

[Event "Stuttgart-chC int"]
[Site "Ditzingen"]
[Date "2014.05.29"]
[Round "3"]
[White "Juettner, Dennis"]
[Black "Reichardt, Felix Alexander"]
[Result "1-0"]
[WhiteElo "1098"]
[BlackElo "768"]
[PlyCount "71"]
[EventDate "2014.05.29"]
[EventType "swiss"]
[EventRounds "7"]
[EventCountry "GER"]
[SourceTitle "EXT 2015"]
[Source "ChessBase"]
[SourceDate "2014.11.20"]
[SourceVersion "1"]
[SourceVersionDate "2014.11.20"]
[SourceQuality "1"]

1. e4 e6 2. Nf3 d5 3. exd5 exd5 4. d4 Nf6 5. Bd3 Nc6 6. Ne5 Nxe5 7. dxe5 Qe7 8. 0-0 Ng4 9. Nc3 Qh4 10. h3 Nxe5 11. Re1 Bd6 12. Nxd5 0-0 13. Re4 Qd8 14. Qh5 g6 15. Qh6 Bf5 16. Rh4 Qxh4 17. Qxh4 Bxd3 18. cxd3 Nxd3 19. Qh6 Be5 20. Bg5 f5 21. Ne7+ Kf7 22. Qxh7+ Ke8 23. Nxg6 Rf7 24. Qg8+ Rf8 25. Qxf8+ Kd7 26. Qxa8 Ke6 27. Nxe5 Kxe5 28. Qe8+ Kd5 29. Rd1 Kd4 30. Be3+ Kc4 31. Qd7 Kb4 32. Rxd3 Kc4 33. Qxc7+ Kb4 34. Rb3+ Ka4 35. Qc4+ Ka5 36. Qb5# 1-0

[Event "Stuttgart-chC int"]
[Site "Ditzingen"]
[Date "2013.05.12"]
[Round "7"]
[White "Juettner, Dennis"]
[Black "Ustaosman, Hasan"]
[Result "1-0"]
[WhiteElo "1064"]
[BlackElo "976"]
[PlyCount "67"]
[EventDate "2013.05.09"]
[EventType "swiss"]
[EventRounds "7"]
[EventCountry "GER"]
[SourceTitle "EXT 2014"]
[Source "ChessBase"]
[SourceDate "2013.11.20"]
[SourceVersion "1"]
[SourceVersionDate "2013.11.20"]
[SourceQuality "1"]

1. e4 c5 2. c3 e5 3. d4 cxd4 4. cxd4 exd4 5. Qxd4 d6 6. Bc4 Be6 7. Bxe6 fxe6 8. Nf3 Nc6 9. Qa4 e5 10. Qb3 Qd7 11. 0-0 Be7 12. Ng5 Bxg5 13. Bxg5 Nd4 14. Qd3 Qg4 15. Be3 Nf3+ 16. Kh1 Nh4 17. Qb5+ Kf8 18. Rg1 Qxe4 19. Nc3 Qc6 20. Qb4 Ne7 21. Qxh4 Ng6 22. Qb4 Ne7 23. Rad1 Rd8 24. Bxa7 Ke8 25. Qb3 Rf8 26. Nd5 Nxd5 27. Rxd5 Rc8 28. h3 Ke7 29. Rd3 Rf6 30. Be3 Kd7 31. Bg5 Rxf2 32. Rf3 Rxf3 33. gxf3 e4 34. Qf7# 1-0

[Event "Stuttgart-chC int"]
[Site "Ditzingen"]
[Date "2013.05.11"]
[Round "6"]
[White "Milarch, Harald"]
[Black "Juettner, Dennis"]
[Result "1-0"]
[WhiteElo "1326"]
[BlackElo "1064"]
[PlyCount "109"]
[EventDate "2013.05.09"]
[EventType "swiss"]
[EventRounds "7"]
[EventCountry "GER"]
[SourceTitle "EXT 2014"]
[Source "ChessBase"]
[SourceDate "2013.11.20"]
[SourceVersion "1"]
[SourceVersionDate "2013.11.20"]
[SourceQuality "1"]

1. e4 e6 2. d4 d5 3. exd5 exd5 4. Qe2+ Be7 5. Nc3 Nf6 6. Bg5 0-0 7. 0-0-0 Bf5 8. Nf3 c5 9. dxc5 Bxc5 10. Bxf6 Qxf6 11. Rxd5 Nd7 12. Qb5 Rad8 13. Rxd7 Rxd7 14. Qxc5 Rfd8 15. Bb5 Rd6 16. Re1 b6 17. Qe5 Qxe5 18. Rxe5 Bd7 19. Bxd7 R6xd7 20. Ne1 f6 21. Re3 b5 22. Nd3 a6 23. Ne4 f5 24. Nec5 Rd5 25. a3 a5 26. Re6 b4 27. a4 b3 28. Nxb3 Rc8 29. Kb1 Rc4 30. Nbc5 Rg4 31. g3 h5 32. Ra6 h4 33. Rxa5 hxg3 34. hxg3 Kh7 35. Nb3 Rxa5 36. Nxa5 Kg8 37. b3 Rd4 38. Kb2 Kf8 39. Nc6 Rd6 40. Nce5 Ke7 41. b4 Rd5 42. c4 Rd6 43. Kc3 Rh6 44. b5 Rh1 45. a5 Kd8 46. a6 Kc8 47. Kb4 Rb1+ 48. Kc5 Kc7 49. Nc6 Rb3 50. Ncb4 Ra3 51. b6+ Kb8 52. Kb5 Ka8 53. c5 g5 54. c6 Rc3 55. c7 1-0